01305nam a2200385 i 450000100060000000300090000600500170001500800390003201500170007102000150008804000280010304100080013104600090013908000130014808000090016124501580017025000150032826000500034330000260039333600270041933700540044633800280050038000160052838800140054438800140055865000220057265100110059465500170060565800370062270000470065970000420070670000430074871000300079185600980082138268KOSZ 00520221006112316.0990319s1998 pl f f |000 0 pol aPB 1999/3721 a8387558508 aWA NcWA NdKOSZ 005/HR0 apol k1998 a346(438) a(07)00aPrawo gospodarcze :bzagadnienia administracyjnoprawne /cCezary Banasiński [et al.] ; pod red. nauk. Marka Wierzbowskiego i Mirosława Wyrzykowskiego. aWyd. 2 zm. aWarszawa :bWydawnictwa Prawnicze PWN,c1998. a313, [3] s. ;c24 cm. 2rdacontentaTekstbtxt 2rdamediaaBez urządzenia pośredniczącegobn 2rdacarrieraWoluminbnc aKsiążki a1901-2000 a1989-2000 4aPrawo gospodarcze aPolska 4aPodręcznik aPrawo i wymiar sprawiedliwości1 aWyrzykowski, Mirosławd(1950- )eRedakcja1 aBanasiński, Cezaryd(1953- )eAutor1 aWierzbowski, Marekd(1946- )eRedakcja2 aWydawnictwa Prawnicze PWN uhttp://koha.tu.koszalin.pl/cgi-bin/koha/opac-detail.pl?biblionumber=38268yKatalog online BPK